000 00615nam a22001697a 4500
003 OSt
005 20171010095520.0
008 120816t xxu||||| |||| 00| 0 eng d
040 _aMMSU
_cULS
100 _aDumalanta, Josefina R.
_912192
245 _aThe Effect of structured problem solving in teaching Physics to two different groups of engineering students
_cDumalanta, Josefina R.
260 _c2003
300 _aix, 74 leaves
_c28 cm.
500 _aThesis (MA Education-Biology) -- Mariano Marcos State University-Graduate School, Laoag City
504 _aBibliography: leaves 47-48
942 _2ddc
_cTHEDIS
999 _c9761
_d9761